000
00217nam a2200097Ia 4500
008
230605s9999 xx 000 0 und d
041
_a
eng
100
_a
vaz
245
_a
Organisational behavior (
650
_a
Organiz.
999
_c
417338
_d
417338